Vegetables but with no vowels!!!!!!!!!!!!!! - Statistics

General Stats
  • This quiz has been taken 81 times
  • The average score is 14 of 15
Answer Stats
Hint Vegetable % Correct
cbbg cabbage
100%
crrt carrot
100%
ccmbr cucumber
100%
grlc garlic
100%
rdsh radish
100%
brccl broccoli
99%
spnch spinach
99%
lttc lettuce
97%
clry celery
96%
trnp turnip
96%
brssl sprt brussel sprout
93%
sprgs asparagus
88%
ptt potato
88%
kl kale
86%
nn onion
58%
No matching quizzes found
Score Distribution
Percent of People with Each Score
Percentile by Number Answered
Your Score History
You have not taken this quiz